000 00603cam a2200217 a 4500
001 4208210
005 20180213074246.0
008 820202s1981 iaua b 001 0 eng
010 _a 81081843
020 _a0840324766
040 _aDLC
_cDLC
_dDLC
041 _aeng
080 _a624.184 GER
082 0 0 _a624.184 GER
_219
100 1 _a27
101 _aENG
245 1 0 _aWood engineering /
_cGerman Gurfinkel ; Southern Forest Products Association.
504 _aIncludes bibliographical references and indexes.
906 _a7
_bcbc
_corignew
_d2
_eopcn
_f19
_gy-gencatlg
942 _2ddc
_cBK
999 _c42396
_d42396